[Event "SG Bochum 3 - SV Ahlen 1"]
[Site "Verbandsliga - Gruppe 1 2018/"]
[Date "2019.03.24"]
[Round "8.1"]
[White "Steinle, Carsten"]
[Black "Butschek, Marc"]
[Result "1/2-1/2"]
[WhiteElo "2129"]
[BlackElo "1960"]
[PlyCount "154"]
[EventDate "2019.??.??"]

1. Nf3 d5 2. g3 c6 3. Bg2 Bg4 4. c4 e6 5. Qb3 Qc7 6. d4 Nd7 7. O-O Ngf6 8. Nc3
Be7 9. Bf4 Qb6 10. c5 Qxb3 11. axb3 O-O 12. b4 Ne4 13. Rfe1 Nxc3 14. bxc3 Bxf3
15. Bxf3 Bf6 16. Bd6 Rfe8 17. e4 a6 18. Ra2 Be7 19. Bxe7 dxe4 20. Bxe4 Rxe7 21.
b5 Nf6 22. bxc6 Nxe4 23. cxb7 Rxb7 24. Rxe4 Rb3 25. Re3 a5 26. Ra4 Rb1+ 27. Kg2
Kf8 28. Kf3 Ke7 29. Ke4 Rb2 30. Rf3 g5 31. g4 Rb1 32. Rh3 Re1+ 33. Kd3 Rf1 34.
Ke2 Rc1 35. Kd2 Rf1 36. Rf3 Rg1 37. h3 Rf1 38. Ke2 Rb1 39. Rd3 Rh1 40. c4 h6
41. d5 exd5 42. cxd5 Rc1 43. d6+ Kd7 44. Re4 Rxc5 45. Re7+ Kc6 46. Rc7+ Kb6 47.
Rxf7 Re5+ 48. Kd2 Re6 49. Re7 Rxe7 50. dxe7 Re8 51. Rd6+ Kc5 52. Re6 a4 53. Kc3
Kd5 54. Rxh6 Rxe7 55. Rg6 Rh7 56. Rxg5+ Ke4 57. Rh5 Rf7 58. Kb4 Rxf2 59. Kxa4
Rb2 60. g5 Kf5 61. h4 Kg6 62. Rh6+ Kg7 63. Rf6 Re2 64. Kb5 Re4 65. Rh6 Re1 66.
Kc4 Rd1 67. Kc3 Rd5 68. Rc6 Rd1 69. Re6 Rd5 70. Re4 Kg6 71. Rd4 Rc5+ 72. Kd3
Kh5 73. Rc4 Rb5 74. Ke3 Rb3+ 75. Kf2 Rh3 76. Rf4 Rc3 77. Kg2 Rb3 1/2-1/2

[Event "SG Bochum 3 - SV Ahlen 1"]
[Site "Verbandsliga - Gruppe 1 2018/"]
[Date "2019.03.24"]
[Round "8.2"]
[White "Koellner, Aaron Noah"]
[Black "Torres-Kuckel, Rafael"]
[Result "1-0"]
[WhiteElo "2092"]
[BlackElo "2126"]
[PlyCount "89"]
[EventDate "2019.??.??"]

1. d4 Nf6 2. Bg5 e6 3. Nd2 d5 4. e3 c5 5. c3 Nc6 6. f4 Be7 7. Bxf6 Bxf6 8. Bd3
b6 9. Ngf3 Bb7 10. O-O Rc8 11. Ne5 g6 12. Ndf3 cxd4 13. exd4 O-O 14. g4 Bg7 15.
g5 Na5 16. Qe2 Nc4 17. h4 Nd6 18. h5 Ne4 19. Qg2 Rc7 20. Rfe1 Qd6 21. Qh3 gxh5
22. Qxh5 f6 23. g6 h6 24. Ng4 Qxf4 25. Qh3 Qg3+ 26. Qxg3 Nxg3 27. Kg2 Nh5 28.
Bc2 Bc8 29. Rh1 e5 30. Nxh6+ Bxh6 31. Rxh5 Bg7 32. Bb3 Be6 33. dxe5 fxe5 34.
Ng5 Re8 35. Nxe6 Rxe6 36. Bxd5 Rcc6 37. Rd1 Kf8 38. Bxe6 Rxe6 39. Rd7 Rxg6+ 40.
Kf3 a5 41. Rb7 a4 42. Rf5+ Kg8 43. Rb8+ Kh7 44. Rh5+ Bh6 45. Rb7+ 1-0

[Event "SG Bochum 3 - SV Ahlen 1"]
[Site "Verbandsliga - Gruppe 1 2018/"]
[Date "2019.03.24"]
[Round "8.3"]
[White "Volesky, Alexander"]
[Black "Fistoul, Boris"]
[Result "1/2-1/2"]
[WhiteElo "2036"]
[BlackElo "1955"]
[Annotator "Daniel"]
[PlyCount "45"]
[EventDate "2019.??.??"]

1. d4 b6 2. Bf4 Bb7 3. Nf3 e6 4. Nbd2 f5 5. e3 Nf6 6. h3 Be7 7. Bd3 O-O 8. O-O
a5 9. c4 Ne4 10. Qc2 Nxd2 11. Nxd2 Bf6 12. c5 Nc6 13. a3 bxc5 $11 14. Qxc5 Ba6
15. Bxa6 Rxa6 16. d5 exd5 17. Qxd5+ Kh8 18. Nc4 Ne7 19. Qb5 Ra8 20. Rad1 d6 21.
Be5 Qb8 22. Qxb8 Rfxb8 23. Bd4 1/2-1/2

[Event "SG Bochum 3 - SV Ahlen 1"]
[Site "Verbandsliga - Gruppe 1 2018/"]
[Date "2019.03.24"]
[Round "8.4"]
[White "Finke, Dominik"]
[Black "Volesky, Karl-Heinz"]
[Result "1-0"]
[WhiteElo "1999"]
[BlackElo "2029"]
[PlyCount "97"]
[EventDate "2019.??.??"]

1. c4 e6 2. g3 c5 3. Bg2 Nc6 4. Nf3 b6 5. Nc3 Bb7 6. O-O Qc8 7. b3 Nf6 8. Ba3
Nb4 9. d4 d6 10. Bb2 cxd4 11. Nxd4 Bxg2 12. Kxg2 Be7 13. e4 O-O 14. Qf3 Rd8 15.
Rfd1 Nc6 16. Nxc6 Qxc6 17. Rd2 a6 18. Rad1 Nd7 19. Qe2 Nc5 20. Kg1 Bf6 21. e5
dxe5 22. Rxd8+ Rxd8 23. Rxd8+ Bxd8 24. Qxe5 Bc7 25. Qd4 Nd7 26. Nd5 e5 27. Ne7+
Kf8 28. Nxc6 exd4 29. Bxd4 f6 30. Nb4 a5 31. Nd5 Bd8 32. f4 g6 33. g4 Kf7 34.
Kf2 Ke6 35. Ke3 b5 36. Kd3 Kd6 37. a3 Nc5+ 38. Bxc5+ Kxc5 39. a4 bxc4+ 40. bxc4
h5 41. gxh5 gxh5 42. f5 h4 43. h3 Kd6 44. Kd4 Kc6 45. c5 Bc7 46. Nxc7 Kxc7 47.
Kd5 Kd7 48. c6+ Kc7 49. Kc5 1-0

[Event "SG Bochum 3 - SV Ahlen 1"]
[Site "Verbandsliga - Gruppe 1 2018/"]
[Date "2019.03.24"]
[Round "8.5"]
[White "Woestmann, Ulrich"]
[Black "Blome, Simon"]
[Result "1/2-1/2"]
[WhiteElo "1967"]
[BlackElo "1879"]
[PlyCount "50"]
[EventDate "2019.??.??"]

1. b3 e5 2. Bb2 Nc6 3. e3 g6 4. Bb5 Nge7 5. Nf3 Bg7 6. O-O O-O 7. d4 e4 8. Nfd2
d5 9. c4 f5 10. cxd5 Nb4 11. d6 cxd6 12. Nc3 Be6 13. Rc1 Rc8 14. Ba3 Qa5 15.
Nc4 Bxc4 16. Bxb4 Qxb4 17. Bxc4+ Kh8 18. Qd2 d5 19. Be2 a5 20. Qb2 Rc6 21. a3
Qd6 22. Nb5 Qb8 23. b4 axb4 24. Qxb4 Rfc8 25. Rxc6 Nxc6 1/2-1/2

[Event "SG Bochum 3 - SV Ahlen 1"]
[Site "Verbandsliga - Gruppe 1 2018/"]
[Date "2019.03.24"]
[Round "8.6"]
[White "Gerzen, Robin"]
[Black "Busche, Klaus"]
[Result "0-1"]
[WhiteElo "1634"]
[BlackElo "1927"]
[PlyCount "80"]
[EventDate "2019.??.??"]

1. e4 d5 2. d4 dxe4 3. Nc3 Nf6 4. f3 Nbd7 5. Bc4 Nb6 6. Bb3 e6 7. fxe4 c5 8.
Bg5 c4 9. e5 cxb3 10. exf6 gxf6 11. Bh4 bxc2 12. Qxc2 Be7 13. Nf3 Bd7 14. O-O
Rc8 15. Qe2 Bc6 16. Rad1 a6 17. Qe3 h5 18. a3 Nd5 19. Nxd5 Qxd5 20. Rf2 Rg8 21.
h3 Rg6 22. Qf4 Bd6 23. Qe3 Bc7 24. Rdd2 Qd6 25. b4 Bd5 26. Rc2 Rd8 27. Rcd2 Qf4
28. Qxf4 Bxf4 29. Rc2 Be3 30. Rc7 Bxf3 31. Kf1 Bxf2 32. Kxf2 Bxg2 33. Bg3 Bc6
34. a4 Rxg3 35. Kxg3 Rxd4 36. b5 axb5 37. axb5 Bd5 38. b6 Rb4 39. Rc8+ Ke7 40.
Rc7+ Kf8 0-1

[Event "SG Bochum 3 - SV Ahlen 1"]
[Site "Verbandsliga - Gruppe 1 2018/"]
[Date "2019.03.24"]
[Round "8.7"]
[White "Starp, Klaus"]
[Black "Preis, Paul"]
[Result "1-0"]
[WhiteElo "1906"]
[BlackElo "1299"]
[PlyCount "79"]
[EventDate "2019.??.??"]

1. e4 g6 2. d4 Bg7 3. Nc3 d6 4. f4 Nf6 5. Nf3 O-O 6. Bd3 Nc6 7. a3 a5 8. O-O
Bg4 9. Be3 Qc8 10. d5 Nd8 11. Qd2 c6 12. h3 Bd7 13. Na4 Rb8 14. Nb6 Qc7 15.
Rab1 a4 16. c4 c5 17. Qa5 h5 18. Qa7 Be8 19. Nxa4 Nc6 20. dxc6 Bxc6 21. Qb6 Qc8
22. Nc3 Ra8 23. Nd5 Nxd5 24. cxd5 Ba4 25. Rfc1 Qd7 26. b3 Bc6 27. a4 Rfb8 28.
Bb5 Qc8 29. dxc6 bxc6 30. Qxc6 Qd8 31. e5 Rc8 32. Qd5 Qb6 33. Ng5 Rf8 34. Nxf7
Rxf7 35. Qxa8+ Kh7 36. Qe8 Rf8 37. Qxe7 dxe5 38. fxe5 Qb8 39. Rxc5 Re8 40. Bxe8
1-0

[Event "SG Bochum 3 - SV Ahlen 1"]
[Site "Verbandsliga - Gruppe 1 2018/"]
[Date "2019.03.24"]
[Round "8.8"]
[White "Franke, Norbert"]
[Black "Dreesbach, Harald"]
[Result "0-1"]
[WhiteElo "1569"]
[BlackElo "1770"]
[PlyCount "104"]
[EventDate "2019.??.??"]

1. e4 c5 2. Nf3 e6 3. d4 cxd4 4. Nxd4 a6 5. Bd3 Qc7 6. O-O Nf6 7. Re1 d6 8. Nc3
Be7 9. Nf3 Nc6 10. Bg5 O-O 11. Qd2 b6 12. Re2 Bb7 13. Rae1 Ne5 14. Nxe5 dxe5
15. f3 Rfd8 16. Kh1 Rac8 17. Nd1 b5 18. a3 Rd7 19. Qc3 Qb8 20. Qa5 Bd8 21. Qb4
Be7 22. Qa5 Bd8 23. Qb4 Rd4 24. Qb3 Nd7 25. Bxd8 Rxd8 26. Qa2 Nc5 27. Nf2 Qc7
28. Re3 Qe7 29. b4 Na4 30. Qb3 Nb6 31. c3 R4d7 32. Rd1 Rc7 33. Bc2 Rdc8 34.
Red3 h6 35. Bb1 Na4 36. Rc1 Qg5 37. Rc2 Nb6 38. Nd1 Nc4 39. a4 Qf6 40. Rc1 Bxe4
41. Nb2 Bxd3 42. Bxd3 Qg5 43. Rg1 Nxb2 44. Qxb2 Rxc3 45. Qe2 Rc1 46. g3 Rxg1+
47. Kxg1 Qc1+ 48. Qf1 Qxf1+ 49. Kxf1 Rc3 50. Ke2 Rb3 51. axb5 axb5 52. Bxb5
Rxb4 0-1

[Event "SV Königsspringer Hamm 1-RW Altenessen1"]
[Site "Verbandsliga - Gruppe 1 2018/"]
[Date "2019.03.24"]
[Round "8.1"]
[White "PraÃŸ, Marian"]
[Black "Frombach, Ralf"]
[Result "1-0"]
[WhiteElo "1986"]
[BlackElo "2177"]
[PlyCount "65"]
[EventDate "2019.??.??"]

1. e4 c5 2. Nf3 Nc6 3. d4 cxd4 4. Nxd4 e6 5. Nc3 Qc7 6. a3 Nf6 7. Be3 a6 8. Be2
Be7 9. O-O O-O 10. f4 d6 11. Nb3 b5 12. Qe1 Bb7 13. Bf3 Nd7 14. Qf2 Bf6 15.
Rfd1 Bxc3 16. bxc3 Ne7 17. e5 d5 18. Nd4 Qxc3 19. Bd2 Qc7 20. Bb4 Rfe8 21. a4
Nc6 22. Bd6 Qb6 23. c3 Rec8 24. Rab1 Nxd4 25. cxd4 Bc6 26. Be2 Qa5 27. f5 exf5
28. Qxf5 g6 29. Qf4 Nf8 30. Rf1 Ra7 31. Bg4 Ne6 32. Qh6 Bd7 33. Rxf7 1-0

[Event "SV Königsspringer Hamm 1-RW Altenessen1"]
[Site "Verbandsliga - Gruppe 1 2018/"]
[Date "2019.03.24"]
[Round "8.2"]
[White "Happel, Heiner"]
[Black "Kordonowski, Frank"]
[Result "1/2-1/2"]
[WhiteElo "2168"]
[BlackElo "2002"]
[PlyCount "120"]
[EventDate "2019.??.??"]

1. d4 Nf6 2. c4 c5 3. Nf3 cxd4 4. Nxd4 Nc6 5. Nc3 g6 6. e4 d6 7. Be2 Bg7 8. Be3
O-O 9. O-O Bd7 10. Qd2 Rc8 11. Rac1 a6 12. f3 Nxd4 13. Bxd4 Ne8 14. Be3 Nc7 15.
Bb6 Qe8 16. Rfd1 Ne6 17. Be3 Bc6 18. b4 Ba4 19. Re1 Bxc3 20. Rxc3 b5 21. Bh6
Ng7 22. Qd4 f6 23. Rec1 Qf7 24. Qb6 Ra8 25. Qf2 Rfc8 26. Be3 g5 27. a3 Ne6 28.
Bf1 Nf8 29. Qd2 Kg7 30. Qd5 Qe8 31. c5 dxc5 32. Bxc5 Rd8 33. Qf5 Ng6 34. Be3
Rd7 35. Rc7 Rad8 36. Qc5 Bb3 37. Rxd7 Qxd7 38. Qc3 Bc4 39. Bxc4 bxc4 40. Qxc4
Qd3 41. Qc3 g4 42. Bb6 Nf4 43. Qxd3 Rxd3 44. Ra1 gxf3 45. gxf3 Rxf3 46. a4 Rb3
47. b5 axb5 48. a5 Rc3 49. a6 Rc8 50. a7 Ra8 51. Rb1 Ne2+ 52. Kf1 Nc3 53. Rb3
Nxe4 54. Rxb5 Nd6 55. Rb1 Nc8 56. Bf2 Rxa7 57. Bxa7 Nxa7 58. Rb7 Nc6 59. Rc7
Ne5 60. Rxe7+ Kg6 1/2-1/2

[Event "SV Königsspringer Hamm 1-RW Altenessen1"]
[Site "Verbandsliga - Gruppe 1 2018/"]
[Date "2019.03.24"]
[Round "8.3"]
[White "Birdaini, Becir"]
[Black "Dargel, Manuel"]
[Result "1-0"]
[WhiteElo "2043"]
[BlackElo "2119"]
[PlyCount "105"]
[EventDate "2019.??.??"]

1. e4 c5 2. Nf3 e6 3. Nc3 Nc6 4. Bb5 Nd4 5. Nxd4 cxd4 6. Ne2 Qg5 7. Bd3 Bc5 8.
O-O Nh6 9. Ng3 O-O 10. Be2 f5 11. exf5 exf5 12. d3 Qh4 13. Qd2 d5 14. Bf3 f4
15. Ne2 Bg4 16. Bxd5+ Kh8 17. f3 Rad8 18. Be4 Bc8 19. Nxf4 Nf5 20. Qf2 Qf6 21.
Ne2 Ne3 22. Bxe3 dxe3 23. Qe1 Rd6 24. c3 Rb6 25. b4 Bd6 26. a4 Qh6 27. g3 Bh3
28. a5 Rb5 29. f4 Bxf1 30. Qxf1 Rh5 31. Qg2 g5 32. f5 g4 33. Rf1 b6 34. a6 Qg7
35. d4 Qc7 36. Bd3 Qg7 37. Nf4 Bxf4 38. Rxf4 Qc7 39. c4 Qe7 40. Qb2 Qg7 41. Qe2
Re8 42. f6 Qh6 43. f7 Rf8 44. Qxe3 Qg7 45. Qf2 Rh6 46. c5 bxc5 47. bxc5 Re6 48.
Bc4 Re7 49. Kg2 Rd7 50. Be6 Rdd8 51. Rxg4 Qh6 52. d5 Rxf7 53. Bxf7 1-0

[Event "SV Königsspringer Hamm 1-RW Altenessen1"]
[Site "Verbandsliga - Gruppe 1 2018/"]
[Date "2019.03.24"]
[Round "8.4"]
[White "PrueÃŸ, Wilfried"]
[Black "Cavasin, Joerg"]
[Result "1-0"]
[WhiteElo "2052"]
[BlackElo "1923"]
[PlyCount "59"]
[EventDate "2019.??.??"]

1. d4 f5 2. g3 Nf6 3. Bg2 g6 4. c4 Bg7 5. Nc3 O-O 6. Nf3 e6 7. Bg5 h6 8. Bxf6
Qxf6 9. O-O d6 10. e3 Nd7 11. Rc1 g5 12. b4 a6 13. c5 g4 14. Nd2 d5 15. c6 bxc6
16. Na4 e5 17. Nb3 Rb8 18. a3 Bb7 19. Nac5 Nxc5 20. dxe5 Qxe5 21. Nxc5 Bc8 22.
Nd3 Qd6 23. Nf4 Bb2 24. Rxc6 Qd8 25. Rxh6 Kg7 26. Rc6 Kh7 27. Qc2 Bxa3 28.
Rxc7+ Kh6 29. Nxd5 Bb7 30. Rxb7 1-0

[Event "SV Königsspringer Hamm 1-RW Altenessen1"]
[Site "Verbandsliga - Gruppe 1 2018/"]
[Date "2019.03.24"]
[Round "8.5"]
[White "Avgustin, Thomas"]
[Black "Schmidt, Ingo"]
[Result "0-1"]
[WhiteElo "1738"]
[BlackElo "1953"]
[PlyCount "46"]
[EventDate "2019.??.??"]

1. e4 e5 2. Nf3 Nc6 3. Bb5 Nf6 4. Bxc6 dxc6 5. d3 Bd6 6. h3 Qe7 7. Bg5 h6 8.
Bh4 g5 9. Nxg5 hxg5 10. Bxg5 Rg8 11. h4 Bg4 12. f3 Be6 13. d4 O-O-O 14. Qe2 Rg6
15. f4 exf4 16. e5 Bc4 17. Bxf6 Rxf6 18. Qxc4 Bxe5 19. dxe5 Qxe5+ 20. Qe2 Qxb2
21. Qg4+ Re6+ 22. Kf2 Qd4+ 23. Kf1 Qxa1 0-1

[Event "SV Königsspringer Hamm 1-RW Altenessen1"]
[Site "Verbandsliga - Gruppe 1 2018/"]
[Date "2019.03.24"]
[Round "8.6"]
[White "Klaus, Michael"]
[Black "Metzner, Carsten"]
[Result "1-0"]
[WhiteElo "1854"]
[BlackElo "1831"]
[PlyCount "53"]
[EventDate "2019.??.??"]

1. d4 Nf6 2. Nf3 e6 3. c4 d5 4. Nc3 b6 5. Bf4 Bd6 6. Bxd6 cxd6 7. cxd5 exd5 8.
e3 O-O 9. Qb3 Bb7 10. Bd3 Re8 11. O-O Nbd7 12. Rac1 a6 13. Rc2 Qb8 14. Rfc1 Qa7
15. Bf5 Rad8 16. Ne2 Ne4 17. Rc7 Nb8 18. Bxe4 Rxe4 19. Ng5 Ree8 20. Nxf7 Rc8
21. Nxd6 Rxc7 22. Rxc7 Rf8 23. Rxb7 Qa8 24. Qxd5+ Kh8 25. Nf7+ Kg8 26. Nh6+ Kh8
27. Qg8+ 1-0

[Event "SV Königsspringer Hamm 1-RW Altenessen1"]
[Site "Verbandsliga - Gruppe 1 2018/"]
[Date "2019.03.24"]
[Round "8.7"]
[White "Drawe, Thomas"]
[Black "Sporkert, Corina"]
[Result "1/2-1/2"]
[WhiteElo "1830"]
[BlackElo "1831"]
[PlyCount "101"]
[EventDate "2019.??.??"]

1. c4 e5 2. g3 c6 3. Bg2 d5 4. Qc2 Nf6 5. d3 Bb4+ 6. Bd2 Bxd2+ 7. Nxd2 O-O 8.
Ngf3 Re8 9. e4 d4 10. O-O c5 11. a3 Nc6 12. Rab1 a5 13. h3 h6 14. Ne1 Nh5 15.
Kh2 Qf6 16. Qd1 Qg6 17. Bf3 Nf6 18. Ng2 Nh7 19. Bh5 Qe6 20. Bg4 Qd6 21. f4 g6
22. Bxc8 Raxc8 23. f5 g5 24. Rh1 Nf6 25. g4 Kg7 26. Kg3 Rh8 27. Nf3 Nd7 28. Qd2
f6 29. h4 Qe7 30. Rh3 Rh7 31. Rbh1 Rch8 32. Nge1 Nf8 33. Nc2 Kg8 34. Na1 b6 35.
Nb3 Qd8 36. Nc1 Qe7 37. Ne2 Qd8 38. Kf2 Qe7 39. Ng3 Nd7 40. Nh5 Nd8 41. Ke1 Nf7
42. Qc2 Nd8 43. Qa4 Kf7 44. Qb5 Qd6 45. Ke2 Qc6 46. Qb3 Kg8 47. Qc2 Qd6 48. Qd2
Nf7 49. Qc2 Qc6 50. Rb1 Kf8 51. Rbh1 1/2-1/2

[Event "SV Königsspringer Hamm 1-RW Altenessen1"]
[Site "Verbandsliga - Gruppe 1 2018/"]
[Date "2019.03.24"]
[Round "8.8"]
[White "Kauder, Hartmut"]
[Black "Neugebauer, Thomas"]
[Result "1-0"]
[WhiteElo "2089"]
[BlackElo "1842"]
[PlyCount "87"]
[EventDate "2019.??.??"]

1. c4 Nf6 2. Nc3 g6 3. e4 d6 4. d4 Bg7 5. Nge2 O-O 6. f3 c6 7. Be3 a6 8. a4
Nbd7 9. Qd2 e5 10. a5 b5 11. axb6 Nxb6 12. b3 Nbd7 13. g4 exd4 14. Nxd4 c5 15.
Nc2 Ne5 16. Bg2 Rb8 17. Ra3 Be6 18. Qe2 Nfxg4 19. fxg4 Nxg4 20. Nd1 Qh4+ 21.
Bf2 Nxf2 22. Qxf2 Qe7 23. O-O f5 24. Qe3 f4 25. Rxf4 Rxf4 26. Qxf4 Be5 27. Qf2
Rf8 28. Qe1 Qg5 29. Nde3 Qh6 30. Nf1 Qg5 31. Ra1 h5 32. h4 Qf6 33. Rd1 Bg4 34.
Rd3 g5 35. hxg5 Qxg5 36. Kh1 Kh8 37. Nh2 Qf4 38. Qg1 Rg8 39. Ne3 Bh3 40. Nd5
Bxg2+ 41. Qxg2 Qh4 42. Rh3 Qe1+ 43. Qf1 Qxe4+ 44. Qf3 1-0

[Event "SK Sodingen/Castrop 2 - SK Holsterhause"]
[Site "Verbandsliga - Gruppe 1 2018/"]
[Date "2019.03.24"]
[Round "8.1"]
[White "Dergatschova, Anna"]
[Black "Ribbeheger, Edgar"]
[Result "1-0"]
[WhiteElo "2150"]
[BlackElo "2007"]
[PlyCount "61"]
[EventDate "2019.??.??"]

1. e4 c6 2. Nc3 d6 3. g3 e5 4. Bg2 Be7 5. d3 Bg5 6. Nge2 Bxc1 7. Qxc1 Nf6 8.
Qe3 Ng4 9. Qd2 Qb6 10. O-O O-O 11. d4 Nd7 12. b3 a6 13. Rad1 Qc7 14. f4 b5 15.
Kh1 c5 16. Nd5 Qd8 17. fxe5 dxe5 18. dxc5 Nxc5 19. h3 Be6 20. hxg4 Bxg4 21. Qe3
Nd7 22. Rd2 Rc8 23. Ng1 Rc6 24. Bh3 Bxh3 25. Nxh3 Qe8 26. Kg2 Rh6 27. Ng5 f6
28. Nf3 Nb8 29. Nh4 Qh5 30. Ne7+ Kh8 31. Nef5 1-0

[Event "SK Sodingen/Castrop 2 - SK Holsterhause"]
[Site "Verbandsliga - Gruppe 1 2018/"]
[Date "2019.03.24"]
[Round "8.2"]
[White "Haberhausen, Ansgar"]
[Black "Walbaum, Klaus"]
[Result "1/2-1/2"]
[WhiteElo "2002"]
[BlackElo "2089"]
[PlyCount "101"]
[EventDate "2019.??.??"]

1. d4 Nf6 2. Nf3 c5 3. c3 d5 4. dxc5 a5 5. Bf4 Nc6 6. e3 e6 7. Bb5 Bxc5 8. Nbd2
O-O 9. O-O h6 10. Qe2 Nh5 11. Ne5 Nxf4 12. exf4 Qc7 13. Rad1 Bd6 14. Rfe1 Rd8
15. g3 Bd7 16. Bd3 Rab8 17. Ndf3 Re8 18. Bb1 f5 19. Qd3 b5 20. g4 Bxe5 21. Nxe5
Nxe5 22. Rxe5 g6 23. Qh3 Kh7 24. Rd3 Rg8 25. gxf5 gxf5+ 26. Rg3 Rxg3+ 27. hxg3
Rg8 28. Qh5 b4 29. Re3 d4 30. Rd3 Be8 31. Qd1 bxc3 32. bxc3 dxc3 33. Qb3 Qxf4
34. Rxc3 Qd4 35. Rc7+ Kh8 36. Kg2 Qf6 37. Qe3 Rg7 38. Rc8 Re7 39. Bd3 Kg7 40.
Qc5 a4 41. Bb5 Bxb5 42. Qxb5 Qd4 43. Rc4 Qd6 44. Rxa4 Qc7 45. Qb2+ Kf7 46. Rh4
Qc6+ 47. Kh2 Rb7 48. Qh8 Rb1 49. Qh7+ Ke8 50. Qh8+ Ke7 51. Qg7+ 1/2-1/2

[Event "SK Sodingen/Castrop 2 - SK Holsterhause"]
[Site "Verbandsliga - Gruppe 1 2018/"]
[Date "2019.03.24"]
[Round "8.3"]
[White "Schwalen, Peter"]
[Black "Foerster, Wolfgang"]
[Result "1/2-1/2"]
[WhiteElo "2076"]
[BlackElo "1953"]
[PlyCount "36"]
[EventDate "2019.??.??"]

1. e4 c5 2. Nf3 e6 3. d3 Nc6 4. g3 g6 5. Bg2 Bg7 6. O-O d6 7. Nbd2 Nge7 8. Re1
O-O 9. c3 b5 10. a3 a5 11. a4 b4 12. c4 h6 13. Nb3 e5 14. Nh4 Ra7 15. Qc2 Be6
16. Be3 Qd7 17. f4 Kh7 18. Nf3 Nd4 1/2-1/2

[Event "SK Sodingen/Castrop 2 - SK Holsterhause"]
[Site "Verbandsliga - Gruppe 1 2018/"]
[Date "2019.03.24"]
[Round "8.4"]
[White "Schriewer, Thomas"]
[Black "Kortenbusch, Christoph"]
[Result "1/2-1/2"]
[WhiteElo "1907"]
[BlackElo "2089"]
[Annotator "Daniel"]
[PlyCount "87"]
[EventDate "2019.??.??"]

1. d4 Nf6 2. Nf3 c5 3. e3 e6 4. c4 d5 5. cxd5 exd5 6. Bb5+ Bd7 7. Bxd7+ Nbxd7
8. dxc5 Nxc5 9. O-O Bd6 10. Nc3 O-O 11. b3 Qd7 12. Ne2 Rad8 13. Bb2 Nce4 14.
Rc1 Rfe8 15. Rc2 Qf5 16. Bxf6 Nxf6 17. Ng3 Qg6 18. Nh4 Qg5 19. Nf3 Qh6 20. Nf5
Qg6 21. Nxd6 Rxd6 $11 22. Rc7 Rb6 23. Qc2 Qxc2 24. Rxc2 Rc6 25. Rfc1 Rec8 26.
Nd4 Rxc2 27. Rxc2 Rxc2 28. Nxc2 Kf8 29. f3 Ke7 30. Nd4 g6 31. Kf2 a6 32. Kg3
Kd6 33. Kf4 h6 34. g4 Nd7 35. Kg3 Nc5 36. h4 Ke5 37. h5 Ne6 38. hxg6 fxg6 39.
Nxe6 Kxe6 40. f4 a5 41. a4 Kf6 42. Kh4 Ke6 43. Kg3 Kf6 44. Kh4 1/2-1/2

[Event "SK Sodingen/Castrop 2 - SK Holsterhause"]
[Site "Verbandsliga - Gruppe 1 2018/"]
[Date "2019.03.24"]
[Round "8.5"]
[White "Bobzin, Pierre"]
[Black "Evertz, Dieter"]
[Result "1/2-1/2"]
[WhiteElo "2058"]
[BlackElo "1925"]
[PlyCount "107"]
[EventDate "2019.??.??"]

1. Nf3 g6 2. g3 Bg7 3. Bg2 d5 4. O-O Nf6 5. d3 Nc6 6. Nbd2 O-O 7. e4 Bg4 8. h3
dxe4 9. dxe4 Bxf3 10. Qxf3 Nd4 11. Qd1 e5 12. Nc4 Nd7 13. Be3 Nb6 14. Na5 Qc8
15. c3 Ne6 16. Qc2 c6 17. b4 Qc7 18. Rad1 Rad8 19. Rxd8 Rxd8 20. Rd1 Nc8 21.
Nb3 b6 22. Rxd8+ Qxd8 23. Qd2 Qc7 24. Qd3 Nd6 25. a4 h5 26. c4 Nb7 27. c5 bxc5
28. bxc5 Qe7 29. Qa6 Qd7 30. Kh2 Nbd8 31. h4 Bf8 32. Bh3 Qc7 33. Qc4 Qe7 34.
Qc3 f6 35. Qd3 g5 36. hxg5 fxg5 37. Bf5 g4 38. Qd2 Nf7 39. Na5 Qf6 40. Nxc6
Nxc5 41. Qd5 Nxa4 42. Bxa7 Kg7 43. Nd4 Ng5 44. Ne6+ Nxe6 45. Bxe6 Nc5 46. Bf5
Qd6 47. Bxc5 Qxc5 48. Qd7+ Be7 49. Kg2 Qd6 50. Qe8 h4 51. gxh4 Bxh4 52. Qh5 Qh6
53. Qxg4+ Qg5 54. Qxg5+ 1/2-1/2

[Event "SK Sodingen/Castrop 2 - SK Holsterhause"]
[Site "Verbandsliga - Gruppe 1 2018/"]
[Date "2019.03.24"]
[Round "8.6"]
[White "Hessel, Malte"]
[Black "Sicars, Thorsten"]
[Result "1/2-1/2"]
[WhiteElo "1924"]
[BlackElo "1945"]
[PlyCount "54"]
[EventDate "2019.??.??"]

1. d4 Nf6 2. Nf3 d6 3. g3 Nbd7 4. Bg2 e5 5. dxe5 dxe5 6. O-O c6 7. c4 Be7 8.
Nc3 O-O 9. Qc2 Re8 10. e4 Qc7 11. b3 Nf8 12. Nh4 Ne6 13. Nf5 Bf8 14. h3 g6 15.
Nh6+ Kh8 16. Ne2 Nc5 17. Bg5 Bg7 18. Rad1 a5 19. Rd2 Ng8 20. Nxg8 Kxg8 21. Rfd1
f6 22. Be3 Bf8 23. Kh2 Be6 24. f4 Rad8 25. fxe5 Rxd2 26. Qxd2 fxe5 27. Bg5 Nd7
1/2-1/2

[Event "SK Sodingen/Castrop 2 - SK Holsterhause"]
[Site "Verbandsliga - Gruppe 1 2018/"]
[Date "2019.03.24"]
[Round "8.7"]
[White "Warmbier, Robert"]
[Black "Kock, Wolfgang"]
[Result "0-1"]
[WhiteElo "1893"]
[BlackElo "1970"]
[PlyCount "72"]
[EventDate "2019.??.??"]

1. e4 d5 2. exd5 Qxd5 3. Nf3 Nf6 4. Nc3 Qa5 5. h3 g6 6. Bc4 Bg7 7. O-O O-O 8.
Re1 e6 9. d3 c6 10. Bd2 Qc7 11. Qc1 b5 12. Bb3 Bb7 13. Bh6 c5 14. Bxg7 Kxg7 15.
Nxb5 Qb6 16. Nc3 Bxf3 17. gxf3 Nc6 18. Qf4 Nh5 19. Qe3 Nd4 20. Ne2 Nf5 21. Qe5+
Kg8 22. Ng3 Nhxg3 23. fxg3 c4+ 24. Kg2 cxb3 25. axb3 Nd4 26. Re4 Rad8 27. Ra4
Nxc2 28. Rac4 Rd5 29. Qf4 Qxb3 30. Re2 Na1 31. Rc3 Qb6 32. b4 Qb5 33. Ra3 Rxd3
34. Rxa1 Rb3 35. Rf2 Rxb4 36. Rxa7 Rxf4 0-1

[Event "SK Sodingen/Castrop 2 - SK Holsterhause"]
[Site "Verbandsliga - Gruppe 1 2018/"]
[Date "2019.03.24"]
[Round "8.8"]
[White "Zwielich, Frank"]
[Black "Krieglstein, Marcel"]
[Result "1/2-1/2"]
[WhiteElo "1920"]
[BlackElo "1835"]
[Annotator "Daniel"]
[PlyCount "49"]
[EventDate "2019.??.??"]

1. d4 Nf6 2. Nf3 e6 3. Bg5 d5 4. e3 c6 5. c4 Nbd7 6. Nc3 Qa5 7. Nd2 Bb4 8. Qc2
O-O 9. Be2 dxc4 10. Bxf6 Nxf6 11. Nxc4 Bxc3+ 12. bxc3 Qc7 13. O-O Nd5 14. Rab1
b6 15. Rfc1 Ba6 16. Qa4 Bb7 $11 17. Ne5 f6 18. Nd3 Kh8 19. c4 Ne7 20. Nf4 Bc8
21. Bf3 Bd7 22. Qa3 Rae8 23. d5 exd5 24. cxd5 c5 25. Rd1 1/2-1/2

[Event "Dortmunder SV 1 - SF Buer 1"]
[Site "Verbandsliga - Gruppe 2 2018/"]
[Date "2019.03.24"]
[Round "8.1"]
[White "GroÃŸe-Frintrop, Gerd"]
[Black "Wichtrup, Jan-Louis"]
[Result "1-0"]
[WhiteElo "2003"]
[BlackElo "2010"]
[Annotator "Daniel"]
[PlyCount "143"]
[EventDate "2019.??.??"]

1. d4 d5 2. c4 e6 3. cxd5 exd5 4. Nc3 c6 5. Qc2 Bd6 6. a3 h6 7. e4 dxe4 8. Nxe4
Nf6 9. Nxd6+ Qxd6 10. Ne2 Nd5 11. Nc3 O-O 12. Nxd5 Qxd5 13. Be3 Bf5 14. Bd3
Bxd3 15. Qxd3 Nd7 16. O-O Rfe8 17. Rac1 Re6 18. b4 a6 19. Rfd1 Rae8 20. a4 f5
21. g3 g5 22. b5 axb5 23. axb5 cxb5 24. Rb1 Rb6 25. Rdc1 Rc6 26. Rd1 Rb6 27.
Qb3 Nf6 28. Rdc1 Rc6 29. Rc5 Rxc5 30. dxc5 Qxb3 31. Rxb3 Nd5 32. Rxb5 Re7 33.
Kg2 Kf7 34. h3 Ke6 35. Bd4 Rd7 36. Bb2 Ne7 37. Bg7 h5 38. Bh6 g4 39. hxg4 hxg4
40. Be3 Kd5 41. Rb1 $11 Nc6 42. Rd1+ Ke6 43. Re1 Kf7 44. Kf1 Ne5 45. Ke2 Ke6
46. Rh1 Kd5 47. Rh5 Ke4 48. Rh6 Re7 49. Rd6 Rd7 50. Re6 Kd5 51. Rf6 Rf7 52.
Rd6+ Kc4 53. Rd1 Nd7 54. Rd4+ Kb5 55. Rd5 Nb8 56. Rd1 Rd7 57. Rb1+ Kc4 58. Rc1+
Kd5 59. Rd1+ Ke6 60. Rh1 Na6 $11 61. Rh6+ Kd5 62. Rf6 Ke5 63. Rb6 Nxc5 64. Bxc5
f4 65. gxf4+ Kxf4 66. Be3+ Kf5 67. Rb5+ Kf6 68. Rg5 Rg7 69. Rxg7 Kxg7 70. Kd3
Kf6 71. Ke4 b5 72. Kf4 1-0